| 000 | 00399 a2200169 4500 | ||
|---|---|---|---|
| 001 | 68701 | ||
| 020 | _a8526248901 | ||
| 040 | _cAnchieta - Itaigara | ||
| 100 | _aCompany, Mercè | ||
| 240 | 1 | 0 |
_aAs trigêmeas e Chapeuzinho Vermelho _lpor |
| 245 | 1 | 0 | _aAs trigêmeas e Chapeuzinho Vermelho |
| 300 | _a31 | ||
| 362 | 0 | _a2003 | |
| 440 | 1 | _aScipione | |
| 650 | 4 | _aLiteratura infantil | |
| 942 | _cBK | ||
| 999 |
_c68701 _d68701 |
||